| 000 | 01306nam a22003737a 4500 | ||
|---|---|---|---|
| 003 | CHAP | ||
| 005 | 20220817044106.0 | ||
| 008 | 060331s2004 mx r 00010 spa d | ||
| 010 | _a91986 | ||
| 011 | _a92958 | ||
| 020 | _a9688385697 | ||
| 035 | _a103525 | ||
| 040 | _cCHAP | ||
| 090 | _aFolleto 17062 | ||
| 100 | 1 |
_aBautista, Sergio _910973 |
|
| 245 | 1 | 0 |
_aEvaluación del efecto de oportunidades sobre la utilización de servicios de salud en el medio rural _c/por Sergio Bautista |
| 260 |
_aMéxico : _bSEDESOL, _c2004 |
||
| 300 |
_a63 p. : _bgráfs., tablas |
||
| 490 | 0 |
_aDocumentos de investigación _v; 9 |
|
| 590 |
_aBATCH-UPD _b10 _c20130110 _lUCH01 _h1111 |
||
| 590 |
_aBATCH-UPD _b10 _c20130410 _lUCH01 _h0702 |
||
| 590 |
_aBATCH-UPD _b10 _c20130914 _lUCH01 _h1827 |
||
| 590 |
_aCONVERSION _b10 _c20130109 _lUCH01 _h1351 |
||
| 650 | 1 | 4 |
_aSalud pública rural. _9101845 |
| 650 | 1 | 4 |
_aSalud. _9101807 |
| 650 | 1 | 4 |
_aSeguridad social rural. _9103689 |
| 710 | 0 | _aMéxico. Secretaría de Desarrollo Social. | |
| 830 | 0 |
_aDocumentos de investigación _v; 9 |
|
| 901 | _aBK | ||
| 905 | _aMarco A. Mendoza T. | ||
| 942 | _cFOLL | ||
| 949 |
_aFolleto 17062 _bBC _cFOLL _d33724002002777 _eTS1 _gDonaciØn _i103525 _sb |
||
| 949 |
_aFolleto 17062 _bBC _cFOLL _d33724002055819 _eTS2 _fc.2 _gDonaciØn _i103525 _sb |
||
| 999 |
_c91986 _d91986 |
||